000
00311nam a22001337a 4500
008
180919b xxu||||| |||| 00| 0 eng d
020
_a
9780138574185
041
_a
eng
080
_2
5th
_a
159.9
100
_a
48
101
_a
PSI
245
_a
History and systems of Psychology
_c
Brennan,J.F
942
_2
udc
_c
BK
999
_c
48092
_d
48092